Patches / (Record no. 1201)

MARC details
000 -LEADER
fixed length control field 01381cam a2200337 a 4500
005 - DATE AND TIME OF LATEST TRANSACTION
control field 20230824095720.0
020 ## - INTERNATIONAL STANDARD BOOK NUMBER
International Standard Book Number 0439874130 (pbk.)
020 ## - INTERNATIONAL STANDARD BOOK NUMBER
International Standard Book Number 9780439874137
040 ## - CATALOGING SOURCE
Original cataloging agency DLC
Transcribing agency DLC
Language of cataloging eng
050 00 - LIBRARY OF CONGRESS CALL NUMBER
Classification number PZ7.M59433
Item number Pat 2007
082 00 - DEWEY DECIMAL CLASSIFICATION NUMBER
Classification number Fic
100 1# - MAIN ENTRY--PERSONAL NAME
Personal name Miles, Ellen.
245 10 - TITLE STATEMENT
Title Patches /
Statement of responsibility, etc. Ellen Miles.
250 ## - EDITION STATEMENT
Edition statement First printing, March 2007
260 ## - PUBLICATION, DISTRIBUTION, ETC.
Place of publication, distribution, etc. New York :
Name of publisher, distributor, etc. Scholastic,
Date of publication, distribution, etc. 2007.
300 ## - PHYSICAL DESCRIPTION
Extent 73 pages :
Dimensions 20 cm
Other physical details Illustrations;
490 0# - SERIES STATEMENT
Series statement Puppy place ;
500 ## - GENERAL NOTE
General note "A Little Apple paperback"
505 ## - FORMATTED CONTENTS NOTE
Formatted contents note N <br/>
520 ## - SUMMARY, ETC.
Summary, etc. Charles and Lizzie Peterson love puppies. They have a puppy of their own named Buddy, but they also foster dogs that need help finding new homes.<br/><br/>Charles and his friend Sammy are on their way home from school one day when they hear a puppy crying. His name is Patches, and he's tied up in a garage all by himself. His owners seem to care ABOUT Patches, but they don't know how to care FOR him. And it's up to Charles and Lizzie to show them!
521 0# - TARGET AUDIENCE NOTE
Target audience note 570 <br/>
Source Lexile <br/>
521 1# - TARGET AUDIENCE NOTE
Target audience note N <br/>
Source Raz-Plus <br/>
650 #1 - SUBJECT ADDED ENTRY--TOPICAL TERM
Topical term or geographic name entry element Dog adoption
Form subdivision Fiction.
650 #1 - SUBJECT ADDED ENTRY--TOPICAL TERM
Topical term or geographic name entry element Beagle (Dog breed)
Form subdivision Fiction.
650 #1 - SUBJECT ADDED ENTRY--TOPICAL TERM
Topical term or geographic name entry element Dogs
Form subdivision Fiction.
650 #1 - SUBJECT ADDED ENTRY--TOPICAL TERM
Topical term or geographic name entry element Animals
General subdivision Infancy
Form subdivision Fiction.
906 ## - LOCAL DATA ELEMENT F, LDF (RLIN)
a 7
b cbc
c origres
d 2
e ncip
f 20
g y-gencatlg
942 ## - ADDED ENTRY ELEMENTS (KOHA)
Source of classification or shelving scheme Dewey Decimal Classification
Koha item type Books
Suppress in OPAC No
999 ## -
-- 1201
-- 1201
Holdings
Withdrawn status Lost status Source of classification or shelving scheme Damaged status Not for loan Collection Home library Current library Shelving location Date acquired Total Checkouts Full call number Barcode Date last seen Price effective from Koha item type
    Dewey Decimal Classification     Juvenile Fiction Footprints International School Library Network Toul Kork Campus Footprints International School Library Network Toul Kork Campus   08/08/2023   MIL Fic PZ7.M59433 FIS00589 08/08/2023 08/08/2023 Books